<?xml version="1.0" encoding="UTF-8"?>
<record
    xmlns:xsi="http://www.w3.org/2001/XMLSchema-instance"
    xsi:schemaLocation="http://www.loc.gov/MARC21/slim http://www.loc.gov/standards/marcxml/schema/MARC21slim.xsd"
    xmlns="http://www.loc.gov/MARC21/slim">

  <leader>01680nam a22002297a 4500</leader>
  <datafield tag="999" ind1=" " ind2=" ">
    <subfield code="c">59037</subfield>
    <subfield code="d">59037</subfield>
  </datafield>
  <controlfield tag="003">Ge_BSU</controlfield>
  <controlfield tag="005">20221102164536.0</controlfield>
  <controlfield tag="008">221102s2009    xxu||||| |||| 00| 0 geo d</controlfield>
  <datafield tag="020" ind1=" " ind2=" ">
    <subfield code="a">9789941409141</subfield>
  </datafield>
  <datafield tag="041" ind1=" " ind2=" ">
    <subfield code="a">geo</subfield>
  </datafield>
  <datafield tag="080" ind1=" " ind2=" ">
    <subfield code="a">342.5(479.22) &#x10D2;-61</subfield>
  </datafield>
  <datafield tag="100" ind1=" " ind2=" ">
    <subfield code="a">&#x10D2;&#x10DD;&#x10D2;&#x10DD;&#x10DA;&#x10D8;&#x10E8;&#x10D5;&#x10D8;&#x10DA;&#x10D8;, &#x10DD;&#x10D7;&#x10D0;&#x10E0;</subfield>
    <subfield code="9">15751</subfield>
  </datafield>
  <datafield tag="245" ind1=" " ind2=" ">
    <subfield code="a">&#x10E1;&#x10D0;&#x10EE;&#x10D4;&#x10DA;&#x10DB;&#x10EC;&#x10D8;&#x10E4;&#x10DD; &#x10EE;&#x10D4;&#x10DA;&#x10D8;&#x10E1;&#x10E3;&#x10E4;&#x10DA;&#x10D4;&#x10D1;&#x10D8;&#x10E1; &#x10DD;&#x10E0;&#x10D2;&#x10D0;&#x10DC;&#x10DD;&#x10D4;&#x10D1;&#x10D8; XVIII &#x10E1;&#x10D0;&#x10E3;&#x10D9;&#x10E3;&#x10DC;&#x10D8;&#x10E1; &#x10E1;&#x10D0;&#x10E5;&#x10D0;&#x10E0;&#x10D7;&#x10D5;&#x10D4;&#x10DA;&#x10DD;&#x10E8;&#x10D8; /</subfield>
    <subfield code="c">&#x10DD;&#x10D7;&#x10D0;&#x10E0; &#x10D2;&#x10DD;&#x10D2;&#x10DD;&#x10DA;&#x10D8;&#x10E8;&#x10D5;&#x10D8;&#x10DA;&#x10D8; ; &#x10E8;&#x10DD;&#x10D7;&#x10D0; &#x10E0;&#x10E3;&#x10E1;&#x10D7;&#x10D0;&#x10D5;&#x10D4;&#x10DA;&#x10D8;&#x10E1; &#x10E1;&#x10D0;&#x10EE;&#x10D4;&#x10DA;&#x10DB;&#x10EC;. &#x10E3;&#x10DC;-&#x10E2;&#x10D8;, &#x10E1;&#x10DD;&#x10EA;&#x10D8;&#x10D0;&#x10DA;. &#x10DB;&#x10D4;&#x10EA;&#x10DC;., &#x10D1;&#x10D8;&#x10D6;&#x10DC;&#x10D4;&#x10E1;&#x10D8;&#x10E1;&#x10D0; &#x10D3;&#x10D0; &#x10E1;&#x10D0;&#x10DB;&#x10D0;&#x10E0;&#x10D7;&#x10D0;&#x10DA;&#x10DB;&#x10EA;&#x10DD;&#x10D3;&#x10DC;. &#x10E4;&#x10D0;&#x10D9;-&#x10E2;&#x10D8;, &#x10D8;&#x10E3;&#x10E0;&#x10D8;&#x10D3;. &#x10DB;&#x10D4;&#x10EA;&#x10DC;. &#x10D3;&#x10D4;&#x10DE;&#x10D0;&#x10E0;&#x10E2;&#x10D0;&#x10DB;&#x10D4;&#x10DC;&#x10E2;&#x10D8;</subfield>
  </datafield>
  <datafield tag="264" ind1=" " ind2=" ">
    <subfield code="a">&#x10D1;&#x10D0;&#x10D7;&#x10E3;&#x10DB;&#x10D8; :</subfield>
    <subfield code="b"> &#x10E8;&#x10DD;&#x10D7;&#x10D0; &#x10E0;&#x10E3;&#x10E1;&#x10D7;&#x10D0;&#x10D5;&#x10D4;&#x10DA;&#x10D8;&#x10E1; &#x10E1;&#x10D0;&#x10EE;&#x10D4;&#x10DA;&#x10DB;&#x10EC;. &#x10E3;&#x10DC;-&#x10E2;&#x10D8;&#x10E1; &#x10D2;&#x10D0;&#x10DB;-&#x10D1;&#x10D0; &#x10D3;&#x10D0; &#x10E1;&#x10E2;.</subfield>
    <subfield code="c">2009.</subfield>
  </datafield>
  <datafield tag="300" ind1=" " ind2=" ">
    <subfield code="a">31 &#x10D2;&#x10D5;. ; </subfield>
    <subfield code="b">20 &#x10E1;&#x10DB;.</subfield>
  </datafield>
  <datafield tag="490" ind1=" " ind2=" ">
    <subfield code="a">&#x10E1;&#x10D0;&#x10DB;&#x10D0;&#x10E0;&#x10D7;&#x10D0;&#x10DA;&#x10DB;&#x10EA;&#x10DD;&#x10D3;&#x10DC;&#x10D4;&#x10DD;&#x10D1;&#x10D8;&#x10E1; &#x10E1;&#x10DE;&#x10D4;&#x10EA;&#x10D8;&#x10D0;&#x10DA;&#x10DD;&#x10D1;&#x10D8;&#x10E1; &#x10E1;&#x10E2;&#x10E3;&#x10D3;&#x10D4;&#x10DC;&#x10E2;&#x10D8;&#x10E1; &#x10D1;&#x10D8;&#x10D1;&#x10DA;&#x10D8;&#x10DD;&#x10D7;&#x10D4;&#x10D9;&#x10D0;, 1987-5894 ; N 3</subfield>
  </datafield>
  <datafield tag="504" ind1=" " ind2=" ">
    <subfield code="a">	&#x10D1;&#x10D8;&#x10D1;&#x10DA;&#x10D8;&#x10DD;&#x10D2;&#x10E0;.: &#x10D2;&#x10D5;. 29-30.</subfield>
  </datafield>
  <datafield tag="653" ind1=" " ind2=" ">
    <subfield code="a">&#x10E1;&#x10D0;&#x10EE;&#x10D4;&#x10DA;&#x10DB;&#x10EC;&#x10D8;&#x10E4;&#x10DD; &#x10EE;&#x10D4;&#x10DA;&#x10D8;&#x10E1;&#x10E3;&#x10E4;&#x10DA;&#x10D4;&#x10D1;&#x10D8;&#x10E1; &#x10DD;&#x10E0;&#x10D2;&#x10D0;&#x10DC;&#x10DD;&#x10D4;&#x10D1;&#x10D8; &#x10E1;&#x10D0;&#x10E5;&#x10D0;&#x10E0;&#x10D7;&#x10D5;&#x10D4;&#x10DA;&#x10DD;&#x10E8;&#x10D8;</subfield>
  </datafield>
  <datafield tag="653" ind1=" " ind2=" ">
    <subfield code="a">&#x10E1;&#x10D0;&#x10E1;&#x10D0;&#x10DB;&#x10D0;&#x10E0;&#x10D7;&#x10DA;&#x10DD; &#x10EE;&#x10D4;&#x10DA;&#x10D8;&#x10E1;&#x10E3;&#x10E4;&#x10DA;&#x10D4;&#x10D1;&#x10D0; &#x10E1;&#x10D0;&#x10E5;&#x10D0;&#x10E0;&#x10D7;&#x10D5;&#x10D4;&#x10DA;&#x10DD;&#x10E8;&#x10D8;</subfield>
  </datafield>
  <datafield tag="653" ind1=" " ind2=" ">
    <subfield code="a">	&#x10E5;&#x10D0;&#x10E0;&#x10D7;&#x10E3;&#x10DA;&#x10D8; &#x10E1;&#x10D0;&#x10DB;&#x10D0;&#x10E0;&#x10D7;&#x10DA;&#x10D8;&#x10E1; &#x10D8;&#x10E1;&#x10E2;&#x10DD;&#x10E0;&#x10D8;&#x10E3;&#x10DA;&#x10D8; &#x10EC;&#x10E7;&#x10D0;&#x10E0;&#x10DD;&#x10D4;&#x10D1;&#x10D8;</subfield>
  </datafield>
  <datafield tag="942" ind1=" " ind2=" ">
    <subfield code="2">udc</subfield>
    <subfield code="c">BK</subfield>
  </datafield>
  <datafield tag="952" ind1=" " ind2=" ">
    <subfield code="0">0</subfield>
    <subfield code="1">0</subfield>
    <subfield code="2">udc</subfield>
    <subfield code="4">0</subfield>
    <subfield code="6">342547922_&#x10D2;61</subfield>
    <subfield code="7">0</subfield>
    <subfield code="9">92902</subfield>
    <subfield code="a">CPL</subfield>
    <subfield code="b">CPL</subfield>
    <subfield code="c">GEN</subfield>
    <subfield code="d">2022-11-02</subfield>
    <subfield code="g">1.00</subfield>
    <subfield code="o">342.5(479.22) &#x10D2;-61</subfield>
    <subfield code="p">28864</subfield>
    <subfield code="r">2022-11-02</subfield>
    <subfield code="t">28864</subfield>
    <subfield code="w">2022-11-02</subfield>
    <subfield code="y">BK</subfield>
    <subfield code="z">1 &#x10DA;.</subfield>
  </datafield>
  <datafield tag="952" ind1=" " ind2=" ">
    <subfield code="0">0</subfield>
    <subfield code="1">0</subfield>
    <subfield code="2">udc</subfield>
    <subfield code="4">0</subfield>
    <subfield code="6">342547922_&#x10D2;61</subfield>
    <subfield code="7">0</subfield>
    <subfield code="9">92903</subfield>
    <subfield code="a">CPL</subfield>
    <subfield code="b">CPL</subfield>
    <subfield code="c">GEN</subfield>
    <subfield code="d">2022-11-02</subfield>
    <subfield code="g">1.00</subfield>
    <subfield code="o">342.5(479.22) &#x10D2;-61</subfield>
    <subfield code="p">	28865</subfield>
    <subfield code="r">2022-11-02</subfield>
    <subfield code="t">	28865</subfield>
    <subfield code="w">2022-11-02</subfield>
    <subfield code="y">BK</subfield>
    <subfield code="z">1 &#x10DA;.</subfield>
  </datafield>
</record>
